| 000 | 01977nam a2200481 i 4500 | ||
|---|---|---|---|
| 001 | sjds2182518 | ||
| 003 | sjds | ||
| 005 | 20200627201344.0 | ||
| 008 | 190107s2019 nyua b b 000 0bspa d | ||
| 020 |
_a9781400212644 : _c$17.99 |
||
| 035 | _a(PWmBRO)BRDbd19007090 | ||
| 035 | _a2175076 | ||
| 040 | _csjds | ||
| 041 | 1 |
_aspa _heng |
|
| 100 | 1 |
_aDenise, Anika, _eauthor. |
|
| 240 | 1 | 0 |
_aPlanting stories. _lSpanish |
| 245 | 1 | 0 |
_aSembrando historias : _bPura Belpre : bibliotecaria y narradora de cuentos / _ctexto de Anika Aldamuy Denise ; ilustraciones de Paola Escobar ; traduccion de Omayra Ortiz. |
| 250 | _aFirst edition. | ||
| 260 |
_aNew York, NY : _bHarper, an imprint of HarperCollins Publishers, _c[2019] |
||
| 264 | 1 |
_aNew York, NY : _bHarper, an imprint of HarperCollins Publishers, _c[2019] |
|
| 300 |
_a1 volume (unpaged) : _bcolor illustrations ; _c29 cm |
||
| 336 |
_atext _btxt _2rdacontent |
||
| 337 |
_aunmediated _bn _2rdamedia |
||
| 338 |
_avolume _bnc _2rdacarrier |
||
| 504 | _aIncludes bibliographical references. | ||
| 521 | 1 |
_a3-8 _bBrodart. |
|
| 600 | 1 | 0 |
_aBelpre, Pura _vJuvenile literature. |
| 600 | 1 | 1 | _aBelpre, Pura. |
| 610 | 2 | 0 |
_aNew York Public Library _xEmployees _vBiography _vJuvenile literature. |
| 610 | 2 | 1 |
_aNew York Public Library _xEmployees. |
| 650 | 0 |
_aWomen librarians _zNew York (State) _zNew York _vBiography _vJuvenile literature. |
|
| 650 | 0 |
_aAuthors, American _y20th century _vBiography _vJuvenile literature. |
|
| 650 | 0 |
_aPuerto Rican women _zNew York (State) _zNew York _vBiography _vJuvenile literature. |
|
| 650 | 0 |
_aWomen authors, Puerto Rican _zNew York (State) _zNew York _vBiography _vJuvenile literature. |
|
| 650 | 1 | _aWomen librarians. | |
| 650 | 1 | _aAuthors, American. | |
| 650 | 1 | _aPuerto Rican women. | |
| 650 | 1 | _aWomen authors, Puerto Rican. | |
| 650 | 1 | _aSpanish language materials. | |
| 651 | 0 |
_aNew York (N.Y.) _vBiography _vJuvenile literature. |
|
| 651 | 1 | _aNew York (N.Y.) | |
| 942 |
_cBK _2ddc |
||
| 999 |
_c24649 _d24649 |
||